Normal view
MARC view
- Hafiz Muhammad Anees (00000274416)
Entry Personal Name
001 - CONTROL NUMBER
- control field: 116505
003 - CONTROL NUMBER IDENTIFIER
- control field: NUST
005 - DATE AND TIME OF LATEST TRANSACTION
- control field: 20230912165957.0
008 - FIXED-LENGTH DATA ELEMENTS
- fixed length control field: 230912|| aca||aabn | a|a d
040 ## - CATALOGING SOURCE
- Original cataloging agency: NUST
- Transcribing agency: NUST
100 ## - HEADING--PERSONAL NAME
- Personal name: Hafiz Muhammad Anees (00000274416)
670 ## - SOURCE DATA FOUND
- Source citation: Work cat.: (NUST): Hafiz Muhammad Anees (00000274416), A mathematical model based approach to evaluate system efficiency/performance of intermittent DERs, energy storage, multiple load classes based residential DC multi-micro grids /, 2020
